| 000 | 00873nam a2200217Ia 4500 | ||
|---|---|---|---|
| 008 | 0000001980 ve a 0000000000spa00 | ||
| 090 | _aPRU00 F27n | ||
| 100 | 1 |
_aFerdinadov, Nicolas _d1886 |
|
| 245 | 1 | 0 |
_aNicolás Ferdinandov _b: 1886 -1925, colección Galería de Arte Nacional _c/ fotografías Pedro Maxim, Roberto Fontana, Carlos Rojas |
| 300 |
_a33 p. _c/ 30 cm. |
||
| 500 | _aCon el patronazgo del maestro venezolano Jesús Rafael Soto (q.e.p.d.) | ||
| 600 | 0 | 0 |
_aFERDINANDOV, NICOLAS, 1886192/ _xTRABAJOS PICTORICOS |
| 610 |
_a GALERIA DE ARTE NACIONAL. CARACAS/ _xCOLECCIONES |
||
| 650 | 1 | 4 | _aARTE CONTEMPORANEO RUSO |
| 650 | 1 | 4 | _xCATALOGOS |
| 650 | 1 | 4 | _xEXPOSICIONES |
| 650 | 1 | 4 | _aPINTORES RUSOS |
| 650 | 1 | 4 | _aPINTURA RUSA |
| 700 | 1 | _aMaXim, Pedro \ Fontana, Pedro \ Rojas, Carlos | |
| 999 |
_c1867 _d1867 |
||
| 260 |
_aCaracas : Galería de Arte Nacional _c1980 |
||